| 000 | 00341nam a22001337a 4500 | ||
|---|---|---|---|
| 999 |
_c529095 _d529095 |
||
| 003 | NUST | ||
| 038 | _aMSOHAIL | ||
| 082 | _a0 | ||
| 100 |
_aShahid Mahmood _920956 |
||
| 245 |
_aشہکار تقریریں .............. _hShahkar Taqreerein |
||
| 260 |
_aLahore _bMushtaq Book Corner. _c2003 |
||
| 300 |
_a382,p; _c27cm _fH,B. |
||
| 942 |
_2ddc _cBK |
||